Statistics for Top 10 3 Team QB's

Click here to take the quiz!

General Stats

  • This quiz has been taken 6 times
  • The average score is 5 of 10

Answer Stats

TeamQB% Correct
7. CIN/NYJ/ARIBoomer Esiason
83%
8. PHI/WAS/MINDonovan McNabb
83%
6. NEP/BUF/DALDrew Bledsoe
83%
1. PIT/BAL/SDCJohnny Unitas
83%
8. NOS/HOU/MINArchie Manning
67%
4. CHI/DET/PITBobby Layne
50%
5. PIT/CLE/KANLen Dawson
33%
2. BAL/SFF/NYGY.A. Tittle
33%
3. OAK/HOU/NOSKurt Warner
17%
10. SFF/NOS/WASBilly Kilmer
0%

Score Distribution

Percentile by Number Answered

Percent of People with Each Score

Your Score History

You have not taken this quiz